000 00444nam a2200193Ia 4500
003 OSt
005 20221005115150.0
006 a|||||r|||| 00| 0
007 ta
008 221004b |||||||| |||| 00| 0 eng d
024 _a112877
037 _cTextual
040 _aCRL
_cCRL
_beng
041 _2eng
_aeng
100 _aGeorge Serban
_9627215
245 0 _aBucuresti
942 _cTEXL
_2cc
999 _c1033622
_d1033622